5HLuxD.jpg

KING HENRY VIII SENIOR AND PRIMARY SCHOOL LIBRARY OPAC

Pancakes, pancakes! (Record no. 5798)

000 -LEADER
fixed length control field 00820nam a22002297a 4500
003 - CONTROL NUMBER IDENTIFIER
control field OSt
005 - DATE AND TIME OF LATEST TRANSACTION
control field 20251112081905.0
008 - FIXED-LENGTH DATA ELEMENTS--GENERAL INFORMATION
fixed length control field 251112b ||||| |||| 00| 0 eng d
020 ## - INTERNATIONAL STANDARD BOOK NUMBER
International Standard Book Number 9780887081200
040 ## - CATALOGING SOURCE
Transcribing agency KH8
082 ## - DEWEY DECIMAL CLASSIFICATION NUMBER
Classification number 813.54 CAR
100 1# - MAIN ENTRY--PERSONAL NAME
Personal name Carle, Eric
Relator term Author
245 10 - TITLE STATEMENT
Title Pancakes, pancakes!
Statement of responsibility, etc. Eric Carle
260 ## - PUBLICATION, DISTRIBUTION, ETC.
Place of publication, distribution, etc. 1230 Avenue of the Americas,New York,New York 10020
Name of publisher, distributor, etc. Simon & Schuster Books for Young Readers
Date of publication, distribution, etc. 1990
300 ## - PHYSICAL DESCRIPTION
Extent 16 pages
Other physical details colour illustration
Dimensions 30 cm x 20 cm
500 ## - GENERAL NOTE
General note Reprint. Originally published: New York : Knopf, 1970.
520 ## - SUMMARY, ETC.
Summary, etc. By cutting and grinding the wheat for flour, Jack starts from scratch to help make his breakfast pancake.
650 #1 - SUBJECT ADDED ENTRY--TOPICAL TERM
Topical term or geographic name entry element Pancakes, waffles
Form subdivision Fiction
650 #1 - SUBJECT ADDED ENTRY--TOPICAL TERM
Topical term or geographic name entry element Cooking
Form subdivision Fiction
655 ## - INDEX TERM--GENRE/FORM
Genre/form data or focus term Juvenile Literature
942 ## - ADDED ENTRY ELEMENTS (KOHA)
Source of classification or shelving scheme
Koha item type Books - Fiction
Holdings
Withdrawn status Lost status Source of classification or shelving scheme Damaged status Not for loan Collection code Permanent Location Current Location Shelving location Date acquired Total Checkouts Full call number Barcode Date last seen Date last checked out Price effective from Koha item type Public note
          Fiction KH8 Primary School Library KH8 Primary School Library Fiction 2025-11-12 1 813.54 CAR KHPL000007506 2026-02-26 2026-02-12 2025-11-12 Books - Fiction PRIMARY LIBRARY

Powered By KH8 IT Dept